Statistiques concernant Culture Générale - Série 431

Cliquez ici pour prendre le quiz!

Statistiques générales

  • Ce quiz a été pris 167 fois
  • Le résultat moyen est 5 sur 10

Statistiques - réponses

QuestionRéponse% Correct
Combien de coques a un catamaran ?2
96%
Combien d'années séparent chaque Vendée Globe ?4
93%
En quel mois de 1969 a‐t‐on pu voir les images de l'homme faire le premier pas sur la Lune ?Juillet
91%
Quelle oeuvre de Victor Hugo a été filmée pour la télévision par Josée Dayan ?Les Misérables
77%
Quelle unité de vitesse équivaut à un mille marin par heure ?noeud
52%
Quel film, au goût de limonade, de Diane Kurys raconte la vie d'une ado dans les années 60 ?Diabolo menthe
47%
Quelle grande réalisatrice a longtemps été la compagne de Jacques Demy ?Agnès Varda
27%
Quelle série,dans les années 60, interprétée par Daniel Gélin et Micheline Presle, relate les mésaventures d'un couple de Français moyens ?Les Saintes Chéries
24%
En 1974, qui réalise "Chinatown", dans lequel Jack Nicholson interprète le détective privé Jake Gittes ?Roman Polanski
13%
En 1994, d'après le titre du film de Nicole Garcia, comment est "Le Fils" ?Préféré
12%

Distribution des résultats

Percentile par nombre de réponses

% des personnes avec chaque résultat

Votre développement - résultats

Vous n’avez pas pris ce quiz